000 00525nam a2200169 4500
999 _c162439
_d162439
005 20190313144135.0
010 _aENG-124879
020 _a9789380200651
_c599.00
035 _aEN-108411
037 _bDBAD/PUB
082 _a332.645
245 _aTechnical analysis trading:
_bmaking money with charts/
260 _aNew Delhi
_bTV 18 Broadcast Ltd,
_c2017
270 _a507, Prabhat Kiran , 17, Rajendra Place,
_bNew Delhi
_e110008
300 _a227p.
_c21cm(Hb)
_bill
942 _2ddc
_cEN
_h332.645
_mTEC